ბათუმის შოთა რუსთაველის სახელმწიფო უნივერსიტეტის ბიბლიოთეკა

Evidence-based practices in deaf education / (ბიბ.ჩანაწერი № 58137)

000 -LEADER
fixed length control field 01040cam a2200229 i 4500
001 - CONTROL NUMBER
control field 20519442
005 - DATE AND TIME OF LATEST TRANSACTION
control field 20210625124742.0
008 - FIXED-LENGTH DATA ELEMENTS--GENERAL INFORMATION
fixed length control field 180522s2019 nyua b 001 0 eng c
020 ## - INTERNATIONAL STANDARD BOOK NUMBER
International Standard Book Number 9780190880545
041 ## - LANGUAGE CODE
Language code of text/sound track or separate title eng
080 ## - UNIVERSAL DECIMAL CLASSIFICATION NUMBER
Universal Decimal Classification number 376.33 E-93
245 00 - TITLE STATEMENT
Title Evidence-based practices in deaf education /
Statement of responsibility, etc. edited by Harry Knoors and Marc Marschark.
264 #1 - PRODUCTION, PUBLICATION, DISTRIBUTION, MANUFACTURE, AND COPYRIGHT NOTICE
Place of production, publication, distribution, manufacture New York, NY :
Name of producer, publisher, distributor, manufacturer Oxford University Press,
Date of production, publication, distribution, manufacture, or copyright notice 2019.
300 ## - PHYSICAL DESCRIPTION
Extent 643 pages :
Other physical details illustrations ;
Dimensions 25 cm.
653 ## - INDEX TERM--UNCONTROLLED
keyword სმენა დაქვეითებული ბავშვები
653 ## - INDEX TERM--UNCONTROLLED
keyword Дети с нарушениями слуха
653 ## - INDEX TERM--UNCONTROLLED
keyword შეზღუდული შესაძლებლობის მქონე ბავშვების მასწავლებლები
653 ## - INDEX TERM--UNCONTROLLED
keyword Учителя детей с ограниченными возможностями
700 1# - ADDED ENTRY--PERSONAL NAME
Personal name Knoors, Harry,
Relator term რედაქტორი
9 (RLIN) 12129
700 1# - ADDED ENTRY--PERSONAL NAME
Personal name Marschark, Marc,
Relator term რედაქტორი
9 (RLIN) 658
942 ## - ADDED ENTRY ELEMENTS (KOHA)
Source of classification or shelving scheme
Koha item type წიგნი
ეგზემპლარები
Withdrawn status Lost status Source of classification or shelving scheme Damaged status Not for loan Permanent Location Current Location Shelving location Date acquired Cost, normal purchase price Full call number Barcode Date last seen Copy number Price effective from Koha item type Public note
          ბათუმის შოთა რუსთაველის სახელმწიფო უნივერსიტეტის მთავარი ბიბლიოთეკა ბათუმის შოთა რუსთაველის სახელმწიფო უნივერსიტეტის მთავარი ბიბლიოთეკა წიგნსაცავი 2021-06-25 247.00 376.33 E-93 61420 2021-06-25 61420 2021-06-25 წიგნი 247 ლ.